The nefarious nights of Willowweep Manor / (Record no. 129394)
[ view plain ]
| 000 -LEADER | |
|---|---|
| fixed length control field | 01587cam a2200349 i 4500 |
| 001 - CONTROL NUMBER | |
| control field | 1460921313 |
| 003 - CONTROL NUMBER IDENTIFIER | |
| control field | OCoLC |
| 005 - DATE AND TIME OF LATEST TRANSACTION | |
| control field | 20251119173725.0 |
| 008 - FIXED-LENGTH DATA ELEMENTS--GENERAL INFORMATION | |
| fixed length control field | 250731s2025 nyua d 6 000 1 eng d |
| 010 ## - LIBRARY OF CONGRESS CONTROL NUMBER | |
| LC control number | 2025055393 |
| 020 ## - INTERNATIONAL STANDARD BOOK NUMBER | |
| International Standard Book Number | 9781665930161 |
| 020 ## - INTERNATIONAL STANDARD BOOK NUMBER | |
| International Standard Book Number | 9781665930178 |
| 040 ## - CATALOGING SOURCE | |
| Original cataloging agency | GCmBT |
| Language of cataloging | eng |
| Description conventions | rda |
| Transcribing agency | GCmBT |
| Modifying agency | UtOrBLW |
| 050 14 - LIBRARY OF CONGRESS CALL NUMBER | |
| Classification number | PZ7.7.G394 |
| Item number | Ne 2025 |
| 100 1# - MAIN ENTRY--PERSONAL NAME | |
| Personal name | Garrity, Shaenon K., |
| Relator term | author. |
| 9 (RLIN) | 38635 |
| 245 14 - TITLE STATEMENT | |
| Title | The nefarious nights of Willowweep Manor / |
| Statement of responsibility, etc | Shaenon K. Garrity ; Christopher Baldwin. |
| 250 ## - EDITION STATEMENT | |
| Edition statement | First Margaret K. McElderry Book paperback edition. |
| 300 ## - PHYSICAL DESCRIPTION | |
| Extent | 214 pages : |
| Other physical details | color illustrations ; |
| Dimensions | 24 cm. |
| 500 ## - GENERAL NOTE | |
| General note | Sequel to: The dire days of Willowweep manor. |
| 520 ## - SUMMARY, ETC. | |
| Summary, etc | "Haley is summoned back to the Willowweep pocket universe to deal with a huge crisis: another pocket universe is collapsing, and the survivors are seeking refuge in Willowweep...One by one, all her friends disappear, and it's up to Haley to get to the bottom of this mind-boggling mystery"-- |
| 650 #0 - SUBJECT ADDED ENTRY--TOPICAL TERM | |
| Topical term or geographic name as entry element | Manors |
| Form subdivision | Comic books, strips, etc. |
| 9 (RLIN) | 38636 |
| 650 #0 - SUBJECT ADDED ENTRY--TOPICAL TERM | |
| Topical term or geographic name as entry element | Multiverse |
| Form subdivision | Comic books, strips, etc. |
| 9 (RLIN) | 38637 |
| 650 #0 - SUBJECT ADDED ENTRY--TOPICAL TERM | |
| Topical term or geographic name as entry element | Good and evil |
| Form subdivision | Comic books, strips, etc. |
| 650 #0 - SUBJECT ADDED ENTRY--TOPICAL TERM | |
| Topical term or geographic name as entry element | Characters and characteristics in literature |
| Form subdivision | Comic books, strips, etc. |
| 9 (RLIN) | 55233 |
| 650 #0 - SUBJECT ADDED ENTRY--TOPICAL TERM | |
| Topical term or geographic name as entry element | Space and time |
| Form subdivision | Comic books, strips, etc. |
| 9 (RLIN) | 55234 |
| 650 #0 - SUBJECT ADDED ENTRY--TOPICAL TERM | |
| Topical term or geographic name as entry element | Young adult fiction. |
| 655 #7 - INDEX TERM--GENRE/FORM | |
| Genre/form data or focus term | Graphic novels. |
| Source of term | lcgft. |
| 655 #7 - INDEX TERM--GENRE/FORM | |
| Genre/form data or focus term | Comics (Graphic works) |
| Source of term | lcgft. |
| 655 #7 - INDEX TERM--GENRE/FORM | |
| Genre/form data or focus term | Fantasy comics. |
| Source of term | lcgft. |
| 700 1# - ADDED ENTRY--PERSONAL NAME | |
| Personal name | Baldwin, Christopher, |
| Dates associated with a name | 1973- |
| Relator term | artist. |
| 9 (RLIN) | 38638 |
| 942 ## - ADDED ENTRY ELEMENTS (KOHA) | |
| Source of classification or shelving scheme | Dewey Decimal Classification |
| Koha item type | Book |
| Withdrawn status | Lost status | Source of classification or shelving scheme | Damaged status | Not for loan | Home library | Current library | Date acquired | Total Checkouts | Full call number | Barcode | Date last seen | Date checked out | Cost, replacement price | Price effective from | Koha item type |
|---|---|---|---|---|---|---|---|---|---|---|---|---|---|---|---|
| Available | Dewey Decimal Classification | Martha's Vineyard High School Library | Martha's Vineyard High School Library | 11/19/2025 | 1 | GRAPHIC/FIC/GAR | 39844500067792 | 12/01/2025 | 11/19/2025 | 25.00 | 11/19/2025 | Graphic Novel |
